| 000 | 00948cam a2200229 a 4500 | ||
|---|---|---|---|
| 001 | 000001647 | ||
| 005 | 20200929145641.0 | ||
| 008 | 820309s1957 ve 001 0 spa | ||
| 040 |
_aDO-SdBNP _bspa _cBNPHU |
||
| 082 |
_a909.987 _bM868c |
||
| 100 | 1 |
_aMorón, Guillermo. _95372 |
|
| 245 | 1 | 4 |
_aLos cronistas y la historia / _cGuillermo Morón. |
| 260 |
_aCaracas : _bMinisterio de Educación, _bDirección de Cultura y Bellas Artes, _c1957. |
||
| 300 |
_a192 p. ; _c18 cm. |
||
| 490 | 1 |
_aBiblioteca Popular venezolana _vv. 64 |
|
| 504 | _aIncluye referencias bibliográficas y notas al pie de las páginas | ||
| 651 | 4 |
_aVenezuela _xHistoriagrafía _95373 |
|
| 600 | 1 | 4 |
_aAGUADO, PEDRO DE _d1503 - 1590 _xCRÍTICA E INTERPRETACIÓN _95374 |
| 600 | 1 | 4 |
_aOVIEDO Y BANOS, JOSÉ DE, _d1671-1738 _xCRÍTICA E INTERPRETACIÓN _95375 |
| 600 | 1 | 4 |
_aCALVIN, ANTONIO _d1719-? _xCRÍTICA E INTERPRETACIÓN _95376 |
| 830 | 0 |
_aBiblioteca Popular venezolana _vv. 64 _95377 |
|
| 999 |
_c1534 _d1534 |
||